Prophetic ideas and ideals ; a series of short studies in the prophetic literature of the Hebrew people /

Bibliographic Details
Main Author: Jordan, William George, 1864-1928
Format: Book
Language:English
Published: Chicago : Fleming H. Revell, 1902.
Subjects:

MARC

Tag First Indicator Second Indicator Subfields
LEADER 00000cam a2200000 4500
001 in00000053105
005 20151007080438.0
008 761019s1902 xx 00000 engm
010 |a  02028521  
035 |a (OCoLC)02513090 
035 |9 AAF4831AM 
040 |a DLC  |c ISB  |d TXA  |d UtOrBLW 
049 |a TXAM  |c [7520] 
090 |a BS1505  |b .J6 1902 
092 |a 224  |b J82p 
100 1 |a Jordan, William George,  |d 1864-1928. 
245 1 0 |a Prophetic ideas and ideals ;  |b a series of short studies in the prophetic literature of the Hebrew people /  |c by W. G. Jordan. 
264 1 |a Chicago :  |b Fleming H. Revell,  |c 1902. 
300 |a 363 pages ;  |c 20 cm. 
336 |a text  |b txt  |2 rdacontent 
337 |a unmediated  |b n  |2 rdamedia 
338 |a volume  |b nc  |2 rdacarrier 
630 0 0 |a Bible.  |p Prophets  |x Theology. 
630 0 0 |a Bible  |x Theology  |x O.T. Prophets. 
999 |a MARS 
999 f f |s b8acc1d7-a0e3-314f-b55f-afaf60bcfc90  |i 791adfc5-72e7-3b56-93dd-345f7381d01e  |t 0 
952 f f |p ric  |a Texas A&M University  |b Rellis Campus  |c Joint Library Facility  |d Remote Storage  |t 0  |e BS1505 .J6 1902  |h Library of Congress classification  |i unmediated -- volume  |m A14800603415 
998 f f |a BS1505 .J6 1902  |t 0  |l Remote Storage